Statistiques concernant Test de Rapidité - Trois Lettres

Cliquez ici pour prendre le quiz!

Statistiques générales

  • Ce quiz a été pris 418 fois
  • Le résultat moyen est 75 sur 300

Statistiques - réponses

Lettres A / G / P% Correct
A
100%
G
100%
P
99%
A
97%
G
96%
A
94%
P
94%
G
91%
A
90%
G
90%
P
90%
A
88%
P
88%
G
87%
A
86%
P
86%
G
85%
A
84%
P
84%
G
83%
P
81%
A
80%
G
79%
A
78%
G
78%
P
78%
G
77%
P
77%
P
77%
A
76%
A
76%
G
76%
P
76%
A
75%
G
75%
P
75%
A
74%
A
74%
G
74%
G
74%
P
74%
A
71%
G
71%
P
71%
P
70%
A
69%
G
69%
P
69%
A
67%
G
67%
P
66%
A
65%
G
65%
P
64%
A
63%
G
63%
P
63%
A
62%
G
61%
P
61%
A
59%
G
58%
A
57%
G
57%
P
57%
P
57%
A
55%
G
55%
G
53%
P
53%
A
52%
P
52%
A
50%
G
50%
P
48%
A
47%
G
46%
P
45%
A
44%
G
43%
P
43%
A
41%
G
41%
A
39%
P
39%
G
37%
P
37%
A
35%
G
35%
P
34%
A
33%
G
32%
P
31%
A
29%
G
29%
G
29%
P
29%
A
28%
G
28%
P
28%
A
27%
P
26%
G
25%
A
24%
A
24%
G
24%
P
24%
P
23%
A
22%
G
22%
P
21%
A
20%
G
20%
P
19%
A
18%
G
18%
P
17%
G
16%
P
16%
A
15%
A
15%
G
15%
P
15%
A
13%
G
12%
G
12%
P
12%
P
12%
A
11%
A
10%
A
10%
A
10%
G
10%
G
10%
G
10%
P
10%
P
10%
P
10%
A
9%
G
9%
P
9%
P
9%
A
8%
A
8%
G
8%
G
8%
P
8%
A
7%
A
7%
A
7%
G
7%
G
7%
P
7%
P
7%
A
6%
A
6%
A
6%
G
6%
G
6%
G
6%
G
6%
P
6%
P
6%
P
6%
A
5%
A
5%
A
5%
A
5%
G
5%
G
5%
G
5%
G
5%
P
5%
P
5%
P
5%
P
5%
A
4%
A
4%
A
4%
A
4%
A
4%
G
4%
G
4%
G
4%
G
4%
P
4%
P
4%
P
4%
P
4%
P
4%
A
3%
A
3%
A
3%
A
3%
G
3%
G
3%
G
3%
G
3%
G
3%
P
3%
P
3%
P
3%
P
3%
P
3%
A
2%
A
2%
A
2%
A
2%
A
2%
A
2%
A
2%
A
2%
A
2%
A
2%
A
2%
A
2%
A
2%
A
2%
A
2%
A
2%
A
2%
G
2%
G
2%
G
2%
G
2%
G
2%
G
2%
G
2%
G
2%
G
2%
G
2%
G
2%
G
2%
G
2%
G
2%
G
2%
G
2%
G
2%
P
2%
P
2%
P
2%
P
2%
P
2%
P
2%
P
2%
P
2%
P
2%
P
2%
P
2%
P
2%
P
2%
P
2%
P
2%
P
2%
P
2%
A
1%
A
1%
A
1%
A
1%
A
1%
A
1%
A
1%
A
1%
A
1%
A
1%
A
1%
A
1%
A
1%
A
1%
A
1%
G
1%
G
1%
G
1%
G
1%
G
1%
G
1%
G
1%
G
1%
G
1%
G
1%
G
1%
G
1%
G
1%
G
1%
G
1%
P
1%
P
1%
P
1%
P
1%
P
1%
P
1%
P
1%
P
1%
P
1%
P
1%
P
1%
P
1%
P
1%
P
1%
P
1%

Distribution des résultats

Percentile par nombre de réponses

% des personnes avec chaque résultat

Votre développement - résultats

Vous n’avez pas pris ce quiz